De l'art chrétien / (Record no. 163539)

MARC details
000 -LEADER
campo de control de longitud fija 00926nam a22002175i 4500
001 - NÚMERO DE CONTROL
campo de control 163539
003 - IDENTIFICADOR DE NÚMERO DE CONTROL
campo de control ES-MaACL
005 - FECHA Y HORA DE LA ÚLTIMA TRANSACCIÓN
campo de control 20250929063238.0
008 - DATOS DE LONGITUD FIJA--INFORMACIÓN GENERAL
campo de control de longitud fija 001213m18611867fr |||| | fre d
040 ## - FUENTE DE CATALOGACIÓN
Centro catalogador/agencia de origen AN
Lengua de catalogación spa
Centro/agencia transcriptor AN
100 1# - ENTRADA PRINCIPAL--NOMBRE DE PERSONA
Nombre de persona Rio, Alexis François,
Fechas asociadas al nombre 1797-1874
9 (RLIN) 131828
245 10 - MENCIÓN DEL TÍTULO
Título De l'art chrétien /
Mención de responsabilidad, etc. par A.F. Rio.
250 ## - MENCION DE EDICION
Mención de edición Nouvelle éd. entièrement refondue et considérablement augm.
260 ## - PUBLICACIÓN, DISTRIBUCIÓN, ETC.
Lugar de publicación, distribución, etc. Paris :
Nombre del editor, distribuidor, etc. Librairie de L. Hachette et Cie.,
Fecha de publicación, distribución, etc. 1861-1867.
300 ## - DESCRIPCIÓN FÍSICA
Extensión 4 v. ;
Dimensiones 22 cm.
597 #1 - NOTA DE DESCRIPCIÓN FÍSICA
NOTA DE DESCRIPCIÓN FÍSICA Antep.
597 #1 - NOTA DE DESCRIPCIÓN FÍSICA
NOTA DE DESCRIPCIÓN FÍSICA Vol. I (LXXXIV, 462 p.) -- vol. II (554 p.) -- vol. III (473 p.) -- vol. IV (561 p.)
752 ## - ENTRADA AGREGADA--NOMBRE JERÁRQUICO DEL LUGAR
País o entidad superior Francia -
Ciudad Paris
852 ## - LOCALIZACIÓN
Ubicación ES-MaACL
Número de control de estantería G-15801-15803
Nota libre -- Enc. hol.
condición física -- Sólo t.I-III
Encuadernación -- Edic.: El imp. es: Imp. de W. Remquet, Goupy et c\pie\s -- Los t.I-III fechados en 1861 -- T.I (LXXXIV, 462 p.) - T.II (554 p.) - T.III (475 p.)
Holdings
Estatus retirado Estado de pérdida Estado de daño No para préstamo Colección Biblioteca de origen Biblioteca actual Ubicación en estantería Fecha de adquisición Fuente de adquisición Total de préstamos Signatura topográfica completa Código de barras Visto por última vez Precio de reemplazo Tipo de ítem Koha
        Libros del s. XIX Biblioteca del Ateneo de Madrid Biblioteca del Ateneo de Madrid Sala Pecera Planta 3 17/01/2008     G-15801-15803 1171371 23/02/2023 23/02/2023 Libro impreso antiguo